• 首页
  • 本馆介绍
  • 公告通知
  • 最新文献
  • 馆藏检索
  • 电子资源
  • 读者导购
  • 参考咨询
  • 我的图书馆
  • 登录
  • 详细信息显示
  • 放入我的书架
  • 预约/预借图书
  • 作者相关作品
  • 分类相关作品
  • 丛书相关作品
  • 出版社相关作品

书目信息

  • 表格格式
  • 工作单格式
  • 卡片格式
题名:
十九世纪文学主流
    
 
作者: 勃兰兑斯 著 ;徐式谷 译
分册: 第四分册  
出版信息: 北京   人民文学出版社  1997.10
页数: 203页
开本: 21cm
丛书名:
单 册:
中图分类: I109.4
科图分类:
主题词: 文学--世界
电子资源:
ISBN: 7-02-002501-3
000 00729nam0 2200217 45
001 99091316 1
005 20040614145627.7
010    @a7-02-002501-3@dCNY90.00
100    @a19990913d1997 km y0chiy0120 ea
101    @achi@cdan
105    @a z 000yy
200 1  @a十九世纪文学主流@AShi Jiu Shi Ji Wen Xue Zhu Liu@e英国的自然主义@h第四分册@EYing Guo De Zi Ran Zhu Yi@f(丹麦)勃兰兑斯著@F(Dan Mai)Bo Lan Dui Si Zhu@g徐式谷等译
210    @a北京@c人民文学出版社@d1997.10
215    @a203页@d21cm
517    @a英国的自然主义@AYing Guo De Zi Ran Zhu Yi
606 0  @a文学@y世界
690    @aI109.4@v1
701    @a勃兰兑斯@4著
702  0 @a徐式谷@AXu Shi Gu@4译
801    @aCN@bTSTC@c20011017
905    @dI109.4@e16:4@f1@b284193
    
    十九世纪文学主流:英国的自然主义.第四分册/(丹麦)勃兰兑斯著/徐式谷等译.-北京:人民文学出版社,1997.10
    203页;21cm
    
    
    ISBN 7-02-002501-3:CNY90.00
    
●
相关链接 在E读中查询图书 在五车中查询图书 在当当中查询图书 在豆瓣中查询图书


正题名:十九世纪文学主流     索取号:I109.4/16:4         预约/预借

序号 登录号 条形码 馆藏地/架位号 状态 备注
1 0284191   002841919   第二借阅区/ [索取号:I109.4/16:4] 在馆    
2 0284192   002841928   第二借阅区/ [索取号:I109.4/16:4] 在馆    
3 0284193   002841937   第二借阅区/ [索取号:I109.4/16:4] 在馆    
4 0284194   002841946   第二借阅区/ [索取号:I109.4/16:4] 在馆    
5 0284195   002841955   第一样本阅览室/ [索取号:I109.4/16:4] 在馆    
唐山师范学院图书馆 欢迎您!
大连网信软件有限公司© 版权所有